000 00662cad a22002175a 4500
001 L159780
008 150226s2016 xxk f 000 0 eng d
035 _a(Sirsi) u159780
041 0 _aeng
100 1 _aPuckett, Katie
245 0 2 _aA sign of the times
260 _c2016
490 _aModus
_vMarch 2016, 26-28 (3)
520 _aReflects on the climate change and its effect on the current housing stock. Considers how the houses can be adapted to withstand severe natural events in the future.
590 _aKA
650 2 4 _aCLIMATE CHANGE
650 2 4 _aFLOODING
650 2 4 _aWEATHER PROTECTION
690 _aBUILT ENVIRONMENT
942 _n0
_2ddc
999 _c84984
_d84984